|
|
|
|
| LEADER |
00000nab a2200000 ar4500 |
| 001 |
vtls010103932 |
| 003 |
SK-MaSNL |
| 005 |
20260304011045.0 |
| 008 |
100608c2010 xo ||||||||||||00 b|slo |
| 015 |
|
|
|a SNBRB2010/06
|2 snkbucl
|
| 038 |
|
|
|a SNKBUCL
|
| 040 |
|
|
|a SNKBUCL
|b slo
|e AACR2
|c SNKBUCL
|
| 041 |
0 |
|
|a slo
|
| 044 |
|
|
|a xo
|c SK
|
| 080 |
|
|
|a 241.632
|2 2001
|
| 100 |
1 |
|
|a Ruff, Tibor
|4 aut
|9 1049407
|
| 245 |
1 |
0 |
|a Hlas krvi
|c Tibor Ruff; preložila Zlata Radnotyová
|
| 630 |
0 |
7 |
|a Biblia
|2 snkbucl
|9 17043
|
| 650 |
0 |
7 |
|a vraždy
|2 snkbucl
|9 2234
|
| 650 |
0 |
7 |
|a hriech vraždy
|2 snkbucl
|9 1289450
|
| 700 |
1 |
|
|a Radnotyová, Zlata
|4 aut
|4 trl
|9 1067565
|
| 773 |
0 |
|
|t Logos
|g Roč. VII, č. 1 (2010), s. 5-7
|x 1336-7331
|
| 852 |
|
|
|a SNK
|b KIS3GCP
|
| 958 |
|
|
|a SK
|
| 958 |
|
|
|a NT
|
| 999 |
|
|
|c 2564355
|d 2566285
|